000 00282 a2200145 4500
001 194895
040 _cMagnum
100 _aCOUTRO, Ana Luiza
240 1 0 _aNo circo
_lpor
245 1 0 _aNo circo
300 _a6
362 0 _a2020
697 _aLITERATURA INFANTIL
942 _cBK
999 _c194895
_d194895